00574nam a2200145Ia 4500008004100000020001800041041000800059082001600067100002500083245025300108250000600361260003900367300001300406650000900419210716s2016 xx 000 0 und d a9781785281976 aeng a004.61 SZMA aSzmigielski, Albert. aBitcoin essentials: gain insights into bitcoin a cryptocurrency and a powerful technology to optimize your bitcoin mining techniques.bGain insights into bitcoin a cryptocurrency and a powerful technology to optimize your bitcoin mining techniques. a1 aMumbaibPackt Publishing Ltdc2016 aviii,112 aNone